000 01472nam a2200241Ia 4500
003 Ost
005 20260507075106.0
008 260507s9999||||xx |||||||||||||| ||und||
020 _a9023609961
040 _cfsecg
041 _aara
082 _a330
100 _aصالح، خالص الصافي
_eمؤلف
245 0 _aتقنيات تسيير ميزانيات المؤسسة الإقتصادية المستقلة /
_c خالص الصافي صالح
250 _aطبعة 3
260 _aالجزائر:
_bديوان المطبوعات الجامعية,
_c2006
300 _a142 صفحة؛
_bإيضاحات ؛
_c22 سم
520 _aنظام الميزانيات التقديرية ومستلزمات تطبيقية- إجراءات إعداد الميزانيات التقديرية وأنواع الميزانيات -الميزانية التقديرية للمبيعات- الميزانية التقديرية الإنتاج- الميزانية التقديرية المواد الأولية- الميزانية التقديرية للعمل بالأجور- الميزانية التقديرية للمصارف الصناعية غير المباشرة- الميزانية التقديرية للمصاريف البيع والتوزيع- الميزانية التقديرية للتدفقات النقدية.
653 _aالمؤسسة الإقتصادية
653 _aالميزانية
653 _aتسيير المؤسسة
942 _cكتاب
999 _c42822
_d42822